000 00432nam a2200181Ia 4500
008 151202s9999||||xx |||||||||||||| ||und||
082 _bPNVM-13265
100 _aOUIDA.
245 _aTWO LITTLE WOODEN SHOES.
260 _bCHATTO & WINDUS LONDON.
260 _c0
300 _a0
600 _aOUIDA.
630 _aTWO LITTLE WOODEN SHOES.
700 _aOUIDA.
730 _aTWO LITTLE WOODEN SHOES.
942 _cBOOK
999 _c1279252
_d1279249